00556nam a22001577a 450000500170000000800410001702000150005804100100007308200160008310000170009924500640011626000310018030000270021136500260023850001340026420231227145900.0231227b |||||||| |||| 00| 0 eng d a047110583x a Eng. a720.22bBRO aBroadbent G. aDesign in Architecture: Architecture and the Human Sciences aLondonbWiley & Sonsc1973 a504pbHBc22.5 x 16 cm aINRb10762.50cRupaye a1) The architect as Designer 2) The architect at work 3) New attitudes to design 4) Architecture and the human science 5) Models